<?xml version="1.0" encoding="UTF-8"?>
<record
    xmlns:xsi="http://www.w3.org/2001/XMLSchema-instance"
    xsi:schemaLocation="http://www.loc.gov/MARC21/slim http://www.loc.gov/standards/marcxml/schema/MARC21slim.xsd"
    xmlns="http://www.loc.gov/MARC21/slim">

  <leader>01621nam a22002177a 4500</leader>
  <controlfield tag="005">20210414113926.0</controlfield>
  <controlfield tag="008">120417t        xxu||||| |||| 00| 0 eng d</controlfield>
  <datafield tag="020" ind1=" " ind2=" ">
    <subfield code="a">13:9780072530834  10:0072530839</subfield>
  </datafield>
  <datafield tag="050" ind1=" " ind2=" ">
    <subfield code="a">HD7105.35.U6P4485</subfield>
  </datafield>
  <datafield tag="100" ind1=" " ind2=" ">
    <subfield code="a">Allen, Eurett T.</subfield>
  </datafield>
  <datafield tag="245" ind1=" " ind2=" ">
    <subfield code="a">Pension planning: pension, profit and other deffrerred compensation plans /</subfield>
    <subfield code="c">Allen Eurett T, Joseph J. Melone, Jerrys Rosenbloom and Dennis Mahoney.</subfield>
  </datafield>
  <datafield tag="250" ind1=" " ind2=" ">
    <subfield code="a">9th ed.</subfield>
  </datafield>
  <datafield tag="260" ind1=" " ind2=" ">
    <subfield code="a">Boston:</subfield>
    <subfield code="b">McGraw-Hill,</subfield>
    <subfield code="c">2003.</subfield>
  </datafield>
  <datafield tag="300" ind1=" " ind2=" ">
    <subfield code="a">xiv, 580 p.:</subfield>
    <subfield code="b">ill;</subfield>
    <subfield code="c">24cm.</subfield>
  </datafield>
  <datafield tag="500" ind1=" " ind2=" ">
    <subfield code="a">Includes index.</subfield>
  </datafield>
  <datafield tag="505" ind1=" " ind2=" ">
    <subfield code="a">Contents: Development of private pension plans -- Benefit plan objectives -- Defined contribution versus defined benefit plans -- Tax qualification requirements -- Other legal requirements -- Money purchase pension plans -- Profit sharing plans -- Savings plans -- Employee stock ownership plans -- Cash or deffered plan -- Defined benefit plan features -- Cost and funding considerations -- Budgeting pension costs -- Plan termination insurance for single-employer pension plans -- Individual retirement arrangement -- Keogh plan, SEPs and simple plans -- Hybrid retirement plans -- Executive retirement arrangements -- Employee stock compensation plans -- Investment issues for defined benefit plans -- Investment of defined contribution plan assets -- Trust fund plans -- Insured funding instruments -- Employers' accounting for pensions -- Taxation of distributions. </subfield>
  </datafield>
  <datafield tag="650" ind1=" " ind2=" ">
    <subfield code="a">Old age pensions </subfield>
    <subfield code="x">United States</subfield>
  </datafield>
  <datafield tag="650" ind1=" " ind2=" ">
    <subfield code="a">Pension trusts</subfield>
    <subfield code="x">United States.</subfield>
  </datafield>
  <datafield tag="650" ind1=" " ind2=" ">
    <subfield code="a">Deferred compensation </subfield>
    <subfield code="x">United States. </subfield>
  </datafield>
  <datafield tag="942" ind1=" " ind2=" ">
    <subfield code="2">lcc</subfield>
    <subfield code="c">BK</subfield>
  </datafield>
  <datafield tag="999" ind1=" " ind2=" ">
    <subfield code="c">715</subfield>
    <subfield code="d">8215</subfield>
  </datafield>
  <datafield tag="952" ind1=" " ind2=" ">
    <subfield code="0">0</subfield>
    <subfield code="1">0</subfield>
    <subfield code="2">lcc</subfield>
    <subfield code="4">0</subfield>
    <subfield code="7">0</subfield>
    <subfield code="a">WIUC-1</subfield>
    <subfield code="b">WIUC-1</subfield>
    <subfield code="c">GEN</subfield>
    <subfield code="d">2012-04-17</subfield>
    <subfield code="l">0</subfield>
    <subfield code="o">HD7105.35.U6P4485</subfield>
    <subfield code="p">1589/12</subfield>
    <subfield code="r">2012-04-17 00:00:00</subfield>
    <subfield code="t">1</subfield>
    <subfield code="w">2012-04-17</subfield>
    <subfield code="y">BK</subfield>
  </datafield>
  <datafield tag="952" ind1=" " ind2=" ">
    <subfield code="0">0</subfield>
    <subfield code="1">0</subfield>
    <subfield code="2">lcc</subfield>
    <subfield code="4">0</subfield>
    <subfield code="7">0</subfield>
    <subfield code="a">WIUC-1</subfield>
    <subfield code="b">WIUC-1</subfield>
    <subfield code="c">GEN</subfield>
    <subfield code="d">2012-04-17</subfield>
    <subfield code="l">0</subfield>
    <subfield code="o">HD7105.35.U6P44851</subfield>
    <subfield code="p">1590/12</subfield>
    <subfield code="r">2012-04-17 00:00:00</subfield>
    <subfield code="t">2</subfield>
    <subfield code="w">2012-04-17</subfield>
    <subfield code="y">BK</subfield>
  </datafield>
</record>
